00676nam a2200181Ia 4500001001000000003000500010008004100015010001100056040000900067100003600076245011800112260003400230300001100264502009000275650005000365650002900415710005000444Para_7835CHAP220125s2002 xx 000 0 und d a205785 cCHAP aSolís Reynoso, Marcela Gladys aNemátodos asociados a viñedos de Caborca, Sonora :b distribución y evaluación de productos antinematodos aChapingo, Méx. :b el autor a124 p. aTesis (M.C. Esp. Protección Vegetal). UACh. Departamento Parasitología Agrícola aNemátodos parásitos de plantas x control aVid x plagas x Sonora  aUACh. Departamento Parasitología Agrícola